Представление документа в формате RUSMARC

ПолеНазваниеЗначение
  Тип записи c
  Библиографический уровень m
001 Контрольный номер RU/УОНБ/EK_N/322859846
005 Дата корректировки 20250520122202.9
010 Индекс ISBN __
9 Тираж 2000 экз.
013 Номер (ISMN) __
d Цена 10 р. 63 к.
071 Издательские номер (звукозапись и ноты) 21
a Номер, присвоенный агентством 8452
100 Данные общей обработки __
a Данные общей обработки 20181121d1992 u y0rusy0103||||ba
101 Язык документа 0_
a Язык текста rus
f Язык титульного листа rus
102 Страна публикации __
a Страна публикации RU
125 Кодированные данные звукозаписи и нотных изданий __
a Форма изложения нотного текста z|
128 Кодированные данные (звукозаписи-физические характеристики) __
a Кодированные данные: Музыкальная форма и тональность или лад zz
c Инструменты или голоса, рекомендуемые для солистов (устаревшее) vu||
200 Заглавие и сведения об ответственности 1_
a Заглавие О пении
b Общее обозначение материала Ноты
e Сведения, относящиеся к заглавию из опыта работы с певцами
e Сведения, относящиеся к заглавию метод. пособие
f Первые сведения об ответственности Н. М. Малышева
g Последующие сведения об ответственности предисл. И. Архиповой
205 Сведения об издании __
a Основные сведения об издании Переизд.
210 Выходные данные 1_
a Место издания Москва
c Издательство Композитор
d Дата издания 1992
215 Физическое описание __
a Объем 134 с.
d Формат 29 см
300 Общие примечания __
a Общие примечания [C муз.-драм. анализами пятнадцати русских романсов и вводными замечаниями]
327 Примечание о содержании 11
a Примечание о содержании Содерж. : Глинка М. Адель / сл. А. Пушкина ; Жаворонок ; О, дева чудная моя : болеро / сл. Н. Кукольника. - Даргомыжский А. Ночной зефир струит эфир... / сл. А. Пушкина ; Я всё ещё его люблю! / сл. Ю. Жадовской. - Римский-Корсаков Н. На холмах Грузии ; Редеет облаков летучая гряда... / сл. А. Пушкина. - Чайковский П. Песнь цыганки / сл. Я. Полонского ; Серенада / сл. Э. Туркетти ; пер. А. Горчаковой ; Средь шумного бала ; Кабы знала я ; То было раннею весной / сл. А. К. Толстого ; Растворил я окно / сл. К. Романова ; Страшная минута / сл. П. Чайковского. - Рахмианинов С. В молчанье ночи тайной / сл. А. Фета.
464 Аналитический уровень _0
1 2001
a Адель
e Играй, Адель, не знай печали...
1 700 1
a Глинка
b М.
1 702 1
a Пушкин
b А.
4 520
464 Аналитический уровень _0
1 2001
a Ночной зефир струит эфир...
e Ночной зефир струит эфир...
e болеро
1 700 1
a Даргомыжский
b А.
1 702 1
a Пушкин
b А.
4 520
464 Аналитический уровень _0
1 2001
a На холмах Грузии
e На холмах Грузии лежит ночная мгла...
1 700 1
a Римский-Корсаков
b Н.
1 702 1
a Пушкин
b А.
4 520
464 Аналитический уровень _0
1 2001
a Песнь цыганки
e Мой костёр в тумане светит...
1 700 1
a Чайковский
b П.
1 702 1
a Полонский
b Я.
4 520
464 Аналитический уровень _0
1 2001
a В молчанье ночи тайной
e О, долго буду я...
1 700 1
a Рахмианинов
b С.
1 702 1
a Фет
b А.
4 520
464 Аналитический уровень _0
1 2001
a Жаворонок
e Между небом и землёй...
1 700 1
a Глинка
b М.
1 702 1
a Кукольник
b Н.
4 520
464 Аналитический уровень _0
1 2001
a О, дева чудная моя
e О, дева чудная моя...
e болеро
1 700 1
a Глинка
b М.
1 702 1
a Кукольник
b Н.
4 520
464 Аналитический уровень _0
1 2001
a Я всё ещё его люблю!
e Я всё ещё его, безумная, люблю...
1 700 1
a Даргомыжский
b А.
1 702 1
a Жадовская
b Ю.
4 520
464 Аналитический уровень _0
1 2001
a Редеет облаков летучая гряда...
e Редеет облаков летучая гряда...
1 700 1
a Римский-Корсаков
b Н.
1 702 1
a Пушкин
b А.
4 520
464 Аналитический уровень _0
1 2001
a Серенада
e Ты куда летишь...
1 700 1
a Чайковский
b П.
1 702 1
a Туркетти
b Э.
4 520
1 702 1
a Горчакова
b А.
4 730
464 Аналитический уровень _0
1 2001
a Средь шумного бала
e Средь шумного бала...
1 700 1
a Чайковский
b П.
1 702 1
a Толстой
b А. К.
4 520
464 Аналитический уровень _0
1 2001
a Растворил я окно
e Растворил я окно...
1 700 1
a Чайковский
b П.
1 702 1
a Романов
b К.
4 520
464 Аналитический уровень _0
1 2001
a Кабы знала я
e Кабы знала я...
1 700 1
a Чайковский
b П.
1 702 1
a Толстой
b А. К.
4 520
464 Аналитический уровень _0
1 2001
a То было раннею весной
e То было раннею весной...
1 700 1
a Чайковский
b П.
1 702 1
a Толстой
b А. К.
4 520
464 Аналитический уровень _0
1 2001
a Страшная минута
e Ты внимаешь, вниз склонив головку...
1 700 1
a Чайковский
b П.
1 702 1
a Чайковский
b П.
4 520
512 Заглавие обложки 1_
a Заглавие обложки О пении
600 Персоналии _1
a Персоналии (Фамилия) Малышева, Надежда Матвеевна
606 Тематические рубрики 0_
a Основная рубрика Учебно-педагогическое пособие по пению
610 Ключевые слова 0_
a Ключевые слова учебные пособия
686 Индексы других классификаций __
a Классификационный индекс 85.943.91
2 Код системы rubbk
700 Автор _1
a Фамилия Малышева
b Имя (инициалы) Н. М.
g Полное личное имя Надежда Матвеевна
702 Вторичная интеллектуальная ответственность _1
a Фамилия Архипова
b Имя (инициалы) И.
4 Код отношения 080
801 Источник записи _0
a Страна RU
b Организация Ульяновская ОНБ
c Дата составления 20181121
g Правила каталогизации RCR
801 Источник записи _1
a Страна RU
b Организация Ульяновская ОНБ
c Дата составления 20181121
901 Тип документа __
t Тип документа m
909 Создатель записи __
a Создатель записи Лобина Л. И.
938 Служебная информация __
a Имя БД noti
b Имя библиотеки УОНБ
c Имя АИБС МАРК-SQL
d Номер DOC_ID в БД 1568